000 00300 a2200109 4500
001 ART_17524
005 20260410161750.0
008 260409a
245 1 0 _aPost-capitalist society
100 1 _aDrucker, Peter Ferdinand
773 0 _tBook Summary
_g- NÂș 13 (ene. 2010)
_wREV4099
999 _c19586
_d19586